000 00332 a2200145 4500
001 149420
040 _cEscola São Tomás de Aquino
100 _aMACHADO, Ana Maria
240 1 0 _aGente, bicho, planta:
_lpor
245 1 0 _aGente, bicho, planta:
300 _a35
362 0 _a2014
697 _a*LITERATURA INFANTO
942 _cBK
999 _c149420
_d149420